<?xml version="1.0" encoding="UTF-8"?>
<collection xmlns="http://www.loc.gov/MARC21/slim">
 <record>
  <leader>00888nam a2200181 a 4500</leader>
  <controlfield tag="001">1/39139</controlfield>
  <controlfield tag="008">091216suuuu    gr       b    00010 gre d</controlfield>
  <datafield tag="020" ind1=" " ind2=" ">
   <subfield code="a">9607178572</subfield>
  </datafield>
  <datafield tag="035" ind1=" " ind2=" ">
   <subfield code="l">41791</subfield>
  </datafield>
  <datafield tag="040" ind1=" " ind2=" ">
   <subfield code="a">GR-PeUP</subfield>
  </datafield>
  <datafield tag="082" ind1="0" ind2="0">
   <subfield code="a">150.287 TES</subfield>
  </datafield>
  <datafield tag="245" ind1="0" ind2="0">
   <subfield code="a">Tests ψυχοτεχνική δοκιμασία :</subfield>
   <subfield code="b">για τους υποψηφίους των στρατιωτικών σχολών.</subfield>
  </datafield>
  <datafield tag="260" ind1="0" ind2=" ">
   <subfield code="a">Αθήνα :</subfield>
   <subfield code="b">Στρατηγικές Εκδόσεις ,</subfield>
   <subfield code="c">x.x.</subfield>
  </datafield>
  <datafield tag="300" ind1=" " ind2=" ">
   <subfield code="a">271 σ. :</subfield>
   <subfield code="b">εικ. ;</subfield>
   <subfield code="c">18 εκ.</subfield>
  </datafield>
  <datafield tag="500" ind1=" " ind2=" ">
   <subfield code="a">Για τους υποψήφιους των : στρατιωτικών σχολών, αστυνομίας, πυροσβεστικής, λιμενικού.</subfield>
  </datafield>
  <datafield tag="504" ind1=" " ind2=" ">
   <subfield code="a">Περιέχει βιβλιογραφία.</subfield>
  </datafield>
  <datafield tag="650" ind1=" " ind2="4">
   <subfield code="a">Ψυχολογία</subfield>
   <subfield code="x">Τέστ.</subfield>
  </datafield>
  <datafield tag="852" ind1=" " ind2=" ">
   <subfield code="a">INST</subfield>
   <subfield code="b">UNIPILB</subfield>
   <subfield code="c">MAIN</subfield>
   <subfield code="e">20091216</subfield>
   <subfield code="h">150.287 TES</subfield>
   <subfield code="p">00159773</subfield>
   <subfield code="q">00159773</subfield>
   <subfield code="t">LOAN</subfield>
   <subfield code="y">4</subfield>
   <subfield code="x">20111128</subfield>
   <subfield code="4">1</subfield>
  </datafield>
 </record>
</collection>
